000 00659nam a2200253Ia 4500
003 OSt
005 20221005063011.0
006 a|||||r|||| 00| 0
007 ta
008 221004b |||||||| |||| 00| 0 eng d
020 _a0299065006
024 _a26946
037 _cTextual
040 _aCRL
_cCRL
_beng
041 _2eng
_aeng
082 _aO111,3M97:g, L6
100 _aBeck Warren
245 0 _aFaulkner
_b Essays
260 _aLondon
_bThe university of Wisconsin press UK
_c1976
300 _a664p.
_ccm.
650 _aENGLISH LITERATURE
942 _hO111,3M97:g, L6
_cTEXL
_2cc
999 _c970696
_d970696